Plus grandes villes françaises à l'ouest du Méridien de Greenwich - Statistiques

Statistiques générales
  • Ce quiz a été pris 12 809 fois
  • Le résultat moyen est 17 sur 30
Réponses sur la Carte
Les réponses sont colorées sur une échelle allant du rouge au vert en fonction du pourcentage des utilisateurs qui les ont devinées à leur premier essai. Vous pouvez retrouver ces pourcentages ci-dessous.
 
Statistiques - réponses
Population Ville % Correct
254 436 Bordeaux
98%
140 064 Brest
95%
309 346 Nantes
95%
216 815 Rennes
93%
54 372 La Roche-sur-Yon
85%
105 354 Caen
81%
62 985 Quimper
78%
75 735 La Rochelle
77%
46 097 Saint-Malo
72%
51 228 Bayonne
71%
77 130 Pau
70%
152 960 Angers
69%
57 149 Lorient
69%
53 352 Vannes
67%
79 200 Cherbourg-en-Cotentin
64%
69 993 Saint-Nazaire
60%
61 268 Cayenne
59%
80 041 Fort-de-France
58%
44 372 Saint-Brieuc
54%
49 728 Laval
49%
58 707 Niort
44%
44 017 Les Sables-d'Olonne
39%
70 105 Mérignac
35%
53 917 Cholet
31%
63 808 Pessac
30%
46 268 Saint-Herblain
20%
42 612 Saint-Laurent-du-Maroni
20%
41 411 Rezé
19%
53 491 Les Abymes
17%
42 606 Talence
16%
Aucun quiz correspondant
Distribution des résultats
% des personnes avec chaque résultat
Percentile par nombre de réponses
Votre historique - résultats
Vous n’avez pas pris ce quiz